Statistics for Capitals of Countries Bordering Bulgaria

Click here to take the quiz!

General Stats

  • This quiz has been taken 125 times
  • The average score is 5 of 5

Answer Stats

CountryCapital% Correct
GreeceAthens
99%
TurkeyAnkara
97%
SerbiaBelgrade
94%
MacedoniaSkopje
94%
RomaniaBucharest
92%

Score Distribution

Percentile by Number Answered

Percent of People with Each Score

Your Score History

You have not taken this quiz